Area de educación del CSUCA /
Describe los objetivos, funciones, actividades y organización del área de educación de la CSUCA. Indica que CSUCA es el organismo que reúne a las universidades de los 6 países de América Central y describe sus objetivos. Señala cuales son las vinculaciones del CSUCA con instituciones similares en el...
Shranjeno v:
| Autores Corporativos: | , , |
|---|---|
| Format: | Texto |
| Izdano: |
San José:
CSUCA
|
| Teme: | |
| Oznake: |
Označite
Brez oznak, prvi označite!
|
MARC
| LEADER | 00000 a a2200000 04500 | ||
|---|---|---|---|
| 001 | 20296 | ||
| 003 | |||
| 040 | |||
| 090 | |a 084200 | ||
| 110 | |a CSUCA | ||
| 245 | |a Area de educación del CSUCA / |c CSUCA | ||
| 260 | |a San José: |b CSUCA | ||
| 300 | |a 6 p | ||
| 520 | |a Describe los objetivos, funciones, actividades y organización del área de educación de la CSUCA. Indica que CSUCA es el organismo que reúne a las universidades de los 6 países de América Central y describe sus objetivos. Señala cuales son las vinculaciones del CSUCA con instituciones similares en el área en cuanto al campo educativo se refiere. Observa que las funciones del área de educación son la investigación, la formación y la comunicación científica./ACM | ||
| 650 | |a AMERICA CENTRAL | ||
| 650 | |a EDUCACION | ||
| 650 | |a ASPECTOS EDUCACIONALES | ||
| 650 | |a TERORIA DE LA EDUCACION | ||
| 710 | |a UNESCO | ||
| 710 | |a PNUD | ||
| 999 | |c 5214 |d 5214 | ||
